Lý luận dạy học địa lí : Phần đại cương

Sách trình bày đối tượng nhiệm vụ và phương pháp nghiên cứu môn lý luận dạy học địa lý, môn địa lý trong nhà trường phổ thông hệ thống tri thức địa lý trong nhà trường phổ thông và quá trình nắm tri thức của học sinh , hình thức tổ chu...

Full beskrivning

Sparad:
Bibliografiska uppgifter
Huvudupphovsman: Nguyễn, Dược
Materialtyp: Bok
Språk:Undetermined
Publicerad: Hà Nội Đại học Quốc gia Hà Nội 1998
Ämnen:
Taggar: Lägg till en tagg
Inga taggar, Lägg till första taggen!
Thư viện lưu trữ: Trung tâm Học liệu Trường Đại học Cần Thơ
LEADER 01079nam a2200217Ia 4500
001 CTU_37123
008 210402s9999 xx 000 0 und d
082 |a 910.7 
082 |b D557 
100 |a Nguyễn, Dược 
245 0 |a Lý luận dạy học địa lí : 
245 0 |b Phần đại cương 
245 0 |c Nguyễn Dược, Nguyễn Trọng Phúc 
260 |a Hà Nội 
260 |b Đại học Quốc gia Hà Nội 
260 |c 1998 
520 |a Sách trình bày đối tượng nhiệm vụ và phương pháp nghiên cứu môn lý luận dạy học địa lý, môn địa lý trong nhà trường phổ thông hệ thống tri thức địa lý trong nhà trường phổ thông và quá trình nắm tri thức của học sinh , hình thức tổ chức dạy học địa lý... 
650 |a Geography,Geography 
650 |x Methodology,Study and teaching ( secondary ) 
904 |i Trọng Hải 
980 |a Trung tâm Học liệu Trường Đại học Cần Thơ